Normal view
MARC view
Entry Personal Name
001 - CONTROL NUMBER
- control field: 18203
003 - CONTROL NUMBER IDENTIFIER
- control field: OSt
005 - DATE AND TIME OF LATEST TRANSACTION
- control field: 20240627110827.0
008 - FIXED-LENGTH DATA ELEMENTS
- fixed length control field: 240627|| aca||aabn | a|a d
040 ## - CATALOGING SOURCE
- Original cataloging agency: OSt
- Transcribing agency: OSt
100 ## - HEADING--PERSONAL NAME
- Personal name: Koprowska, Juliet
670 ## - SOURCE DATA FOUND
- Source citation: Work cat.: (OSt)8977: Koprowska, Juliet, communication and interpersonal skills in social work/
